Les distributions : Tome 2 : Espaces fondamentaux /

Guardado en:
Autor Principal: Gel´fand, I. M.
Otros Autores: Chilov, G. E., Vasilach, Serge. (Traductor)
Formato: Libro
Idioma:French
Russian
Publicado: Paris : Dunod, 1964.
Series:Collection universitaire de mathématiques ; 15
Etiquetas: Agregar Etiqueta
Sin Etiquetas, Sea el primero en etiquetar este registro!
LEADER 00881nam a22002055a 4500
001 MAT.inmabb001270
008 031121s1964####fr############000#0#fre#d
005 20170815130904.0
245 1 4 |a Les distributions :  |b Tome 2 : Espaces fondamentaux /  |c I. M. Guelfand, G. E. Chilov ; traduit par Serge Vasilach. 
260 |a Paris :  |b Dunod,  |c 1964. 
300 |a xiv, 258 p. ;  |c 25 cm. 
440 0 |a Collection universitaire de mathématiques ;  |v 15 
500 |a Traduction de l'ouvrage publié en langue russe sous le titre Prostranstva osnovnix i obobchennix funktsii, par les Editions de Littérature, de physique et de mathématique de Moscou. 
510 4 |a MR,  |c 28 #4354 
100 1 |a Gel´fand, I. M.  |q (Izrail´ Moiseevich) 
700 1 |a Chilov, G. E. 
700 1 |a Vasilach, Serge.  |4 trl 
084 |a 46-XX  |2 msc2000 
041 1 |a fre  |h rus 
859 |h 46  |i G321  |p A-1482  |v 2  |3 Tomo II  |b BIB. MATEMATICA